Estatísticas para Cultura Geral

Clique aqui para jogar o quiz

Estatísticas Gerais

  • Esse quiz foi jogado 7 vezes
  • A pontuação média é 5 de 15

Estatísticas das Respostas

HintResposta% Correto
Baião de dois é um prato típico de que país?Brasil
80%
O donut é um doce típico de que país?Estados Unidos
80%
Que nome damos a um profissional que trabalha com a agricultura e correlatos?Agricultor
60%
O Bretzel é um pão típico de que país?Alemanha
60%
Em que país podemos encontrar Canari?França
60%
Budae-jjigae é um prato típico de que país?Coreia do Sul
40%
Em que estado dos EUA podemos encontrar a cidade de Tampa?Flórida
40%
Pocky é um biscoito típico de que país?Japão
40%
Que nome damos a um pequeno fogão portátil usado para o preparo de alimentos sendo muito utilizado em acampamentos e viagens?Fogareiro
20%
Em que estado dos EUA podemos encontrar a cidade de Greenville?Carolina do Norte
0%
Attiéké é um prato típico de que país?Costa do Marfim
0%
Gallo pinto é um prato típico de que país?Costa Rica
0%
O que é um Bagel?Pão
0%
O que é uma Sucuk?Salsicha
0%
A Pasulj é uma sopa típica de que país?Sérvia
0%

Distribuição das Pontuações

Percentil de Números Respondidos

Porcentagem de Pessoas com Cada Pontuação

Sua Pontuação Histórica

Você não jogou esse quiz